00545nmm a2200133Ia 4500008004100000020001800041041000800059100001700067245008300084264010600167300001600273490007100289856005100360251105s9999||||xx |||||||||||||||||und|| a9780231156707 aeng aNewman, Kara 4aThe Secret Financial Life of Food :b From Commodities Markets to Supermarkets a[Washington, Estados Unidos] :bColumbia University Press, c[Fecha de publicación no identificada] a0 páginas aArts and Traditions of the Table: Perspectives on Culinary History uhttps://public.digitaliapublishing.com/a/74496